La flecha roja: relato histórico sobre la Falange Nacional

Uloženo v:
Podrobná bibliografie
Hlavní autor: Castillo Infante, Fernando (Autor)
Médium: Kniha
Jazyk:španělština
Vydáno: Santiago Francisco de Aguirre 1997
Témata:
Tagy: Přidat tag
Žádné tagy, Buďte první, kdo vytvoří štítek k tomuto záznamu!

MARC

LEADER 00000nam a2200000 a 4500
001 UCM6429
003 CL-VaPUC
008 021108e19970000CL |||||||||||||||||spa|d
082 0 4 |a 324.283  |b CAS  |2 21 
100 0 |a Castillo Infante, Fernando  |e author  |9 472299 
245 1 3 |a La flecha roja: relato histórico sobre la Falange Nacional 
300 |a 165 p 
942 |c BK 
945 |d 20021108 00:00:00  |a cmena 
260 |a Santiago  |b Francisco de Aguirre  |c 1997 
600 0 7 |a FALANGE NACIONAL  |2 CL-VaPUC  |9 472300 
600 0 7 |a DEMOCRACIA CRISTIANA  |2 CL-VaPUC  |9 348140 
650 0 |a Partidos políticos  |9 254999 
650 0 |a Historia política chilena  |9 460791 
651 7 |a CHILE  |2 CL-VaPUC  |9 472301 
583 |a last modification  |c 20021108 00:00:00  |k Rodrigo Vera 
999 |c 301833  |d 301831 
952 |0 0  |1 0  |4 0  |6 324_283000000000000_CAS_1997  |7 0  |8 A  |9 361496  |a BIBHIS  |b BIBHIS  |d 2019-11-21  |i 3791203  |l 1  |m 1  |o 324.283 CAS 1997  |p 3791203  |r 2025-04-16  |s 2025-03-13  |w 2019-11-21  |y BK  |k HIS